| 000 | 00521nam a2200193Ia 4500 | ||
|---|---|---|---|
| 003 | GCL | ||
| 008 | 140319s9999 xx 000 0 eng d | ||
| 040 |
_aGCL / _cGCL |
||
| 082 | 0 | 4 |
_a833.912 _bD A |
| 100 | 1 | _aDOBLIN, ALFRED | |
| 245 | 1 | 0 |
_aAREOPLE BETRAYED NOVEMBER 1918: A GREMAN REVOLUTION / _cDOBLIN, ALFRED |
| 260 |
_a[S.N] : _bINTERNATIONAL PUBLISHING CORPORATION ، _c1983 |
||
| 300 | _a642 | ||
| 650 | 0 | 4 | _aGERMANY |
| 650 | 0 | 4 | _aFICTION |
| 650 | 0 | 4 | _aBERLIN |
| 650 | 0 | 4 | _aHISTORY 1918-1945 |
| 942 |
_2ddc _cBK |
||
| 999 |
_c13643 _d13643 |
||